Contract administration (Record no. 112286)

MARC details
000 -LEADER
fixed length control field 02796cad a22002655a 4500
001 - CONTROL NUMBER
control field E152944
008 - FIXED-LENGTH DATA ELEMENTS--GENERAL INFORMATION
fixed length control field 110517s2011 xxk 000 0 eng u
020 ## - INTERNATIONAL STANDARD BOOK NUMBER
International Standard Book Number 9781842196663
035 ## - SYSTEM CONTROL NUMBER
System control number (Sirsi) u152944
041 0# - LANGUAGE CODE
Language code of text/sound track or separate title eng
050 04 - LIBRARY OF CONGRESS CALL NUMBER
Classification number 692.8 $2 18
110 2# - MAIN ENTRY--CORPORATE NAME
Corporate name or jurisdiction name as entry element Royal Institution of Chartered Surveyors
9 (RLIN) 4900
245 00 - TITLE STATEMENT
Title Contract administration
Remainder of title RICS guidance note
Medium [archived]
260 ## - PUBLICATION, DISTRIBUTION, ETC.
Place of publication, distribution, etc. Coventry
Name of publisher, distributor, etc. RICS
Date of publication, distribution, etc. 2011
300 ## - PHYSICAL DESCRIPTION
Extent 28p.
Dimensions 30cm.
490 #0 - SERIES STATEMENT
Series statement RICS Guidance Note
Volume/sequential designation (GN 69/2011)
520 ## - SUMMARY, ETC.
Summary, etc. Provides practical guidance to contract administrators including appointment, roles and responsibilities and administrative procedures.
520 ## - SUMMARY, ETC.
Summary, etc. The purpose of this guidance note is to provide practical guidance to RICS members in England and Wales who undertake the role of 'contract administrator' (CA).<br/>The role of the CA covers a wide range of possible services and projects from the smallest residential scheme through to larger commercial projects. The responsibilities of the CA will be defined by the form of building contract and the professional appointment under which the CA is appointed. As the majority of surveyors only deal with small to medium sized contracts, this guidance note will concentrate on the role of CA at this level; and in particular within the provisions of contracts issued by the Joint Contracts Tribunal (JCT - minor works, intermediate and standard building contracts). In addition, many of the principles set out in this guidance note will also apply where no standard form of contract has been entered into, particularly for smaller works. While the guidance note does not deal with full 'design and build contracts, the issue of the employer's responsibility for design is considered.<br/>On this basis it should be noted that this guidance note does not cover other forms of JCT contract, GC works, BPF/NEC or ICE forms, other than to distinguish the role of the CA. It also does not deal with the responsibilities of employers' representatives under design and build arrangements, where the responsibility is to act exclusively in the interests of the employer, albeit honestly and with integrity.
520 ## - SUMMARY, ETC.
Summary, etc. Archived May 2022 due to out-of-date JCT contract clause references and it is planned to be revised and re-issued in due course, and as part of a wider review and update of the QS Black Book series of guidance notes. These Black Book titles cover much of the same ground as the withdrawn CA GN, although in greater detail and more from a QS standpoint
590 ## - LOCAL NOTE (RLIN)
Local note KA
651 #4 - SUBJECT ADDED ENTRY--GEOGRAPHIC NAME
Geographic name England and Wales
Chronological subdivision 1543-
690 ## - LOCAL SUBJECT ADDED ENTRY--TOPICAL TERM (OCLC, RLIN)
Topical term or geographic name as entry element BUILT ENVIRONMENT-CONSTRUCTION MANAGEMENT
856 41 - ELECTRONIC LOCATION AND ACCESS
Uniform Resource Identifier <a href="https://www.isurv.com/downloads/download/1347/contract_administration_archived">https://www.isurv.com/downloads/download/1347/contract_administration_archived</a>
Public note Archived on isurv (Subscription required)
942 ## - ADDED ENTRY ELEMENTS (KOHA)
Suppress in OPAC 0
Source of classification or shelving scheme Dewey Decimal Classification
Holdings
Withdrawn status Lost status Source of classification or shelving scheme Damaged status Not for loan Home library Current library Shelving location Date acquired Total Checkouts Full call number Barcode Date last seen Copy number Price effective from Koha item type
    Dewey Decimal Classification     London London RICS Boxes 17/05/2011   RICS 2011/13 30075624 06/08/2019 1 06/08/2019 Archive
    Dewey Decimal Classification     London London RICS Boxes 06/06/2011   RICS 2011/13 30076585 06/08/2019 3 06/08/2019 Book
    Dewey Decimal Classification     London London RICS Boxes 06/06/2011   RICS 2011/13 30076590 06/08/2019 4 06/08/2019 Book
    Dewey Decimal Classification     Virtual Virtual Online 17/05/2011   iSurv 152944-1001 02/05/2023 1 06/08/2019 Online material